=LDR 00000nam 2200000 4500 =001 INLIS000000000045291 =005 20150115082341.0 =006 =007 =008 =035 ##$$0010-011500000000117 =040 ##$$a NBPDMAT =082 ##$$a 627.58 =090 ##$$a 627.58 Sit m =100 ##$$a Siti Rukoyah =245 ##$$a Mengenal laut : untuk menjaga kelestarian laut / Siti Rukoyah; editor Dewi Astuti =250 ##$$a Cet. 3 =260 ##$$a Jakarta$bGraha Ilmu Mulia$c2010 =300 ##$$a v, 59 hlm. : ilus. ; 25 cm =650 ##$$a Ekosistem Laut-Pelestarian =700 ##$$a Dewi Astuti =850 ##$$a NBPDMAT